000 00718cam a22002653a 4500
001 24791
003 PGUSA
005 20140828083531.0
008 080309s2008||||xxu|||||s|||||000 1 eng d
040 _aPGUSA
_beng
042 _adc
050 4 _aPS
100 1 _aStearns, Charles A.
245 1 4 _aThe Marooner
_h[electronic resource] /
_cCharles A. Stearns
260 _bProject Gutenberg,
_c2008
506 _aPublic domain in the USA.
516 _aElectronic text
653 _aPsychological fiction
653 _aShort stories
653 _aScience fiction, American
700 1 _aSummers, Leo
830 0 _aProject Gutenberg
_v24791
856 4 0 _uhttp://www.gutenberg.org/ebooks/24791
942 _cEB
999 _c254046
_d254046